• 首页
  • 本馆介绍
  • 公告通知
  • 最新文献
  • 馆藏检索
  • 电子资源
  • 读者导购
  • 参考咨询
  • 我的图书馆
  • 登录
  • 详细信息显示
  • 放入我的书架
  • 预约/预借图书
  • 作者相关作品
  • 分类相关作品
  • 丛书相关作品
  • 出版社相关作品

书目信息

  • 表格格式
  • 工作单格式
  • 卡片格式
题名:
1981全国重点高等院校硕士学位研究生入学试题及选解
    
 
作者: ;本社科学技术编辑室 编
分册:  
出版信息: 长春   吉林人民出版社  1982.7
页数:
开本:
丛书名:
单 册:
中图分类: O3-44
科图分类:
主题词: 力学
电子资源:
ISBN:
000 00708nam0 2200193 45
001 0405181672
005 20060922100336.81
010    @dCNY1.80
091    @a13091.112
100    @a20040518d1982 km y0chiy0120 ea
101 0  @achi
200 1  @a1981全国重点高等院校硕士学位研究生入学试题及选解@A1981 Quan Guo Zhong Dian Gao Deng Yuan Xiao Shuo Shi Xue Wei Yan Jiu Sheng Ru Xue Shi Ti Ji Xuan Jie@e力学电学@ELi Xue Dian Xue@f本社科学技术编辑室编@FBen She Ke Xue Ji Shu Bian Ji Shi Bian
210    @a长春@c吉林人民出版社@d1982.7
517    @a力学电学@ALi Xue Dian Xue
606 0  @a力学
690    @aO3-44@v3
711 02 @a本社科学技术编辑室@4编
801    @aCN@bPftUser@c20060922
905    @f3@b78211-213@dO3-44@e22
    
    1981全国重点高等院校硕士学位研究生入学试题及选解:力学电学/本社科学技术编辑室编.-长春:吉林人民出版社,1982.7
    
    
    
    ISBN :CNY1.80
    
●
相关链接 在E读中查询图书 在五车中查询图书 在当当中查询图书 在豆瓣中查询图书


正题名:1981全国重点高等院校硕士学位研究生入学试题及选解     索取号:O3-44/22         预约/预借

序号 登录号 条形码 馆藏地/架位号 状态 备注
1 0078211   001448561   第三借阅区/ [索取号:O3-44/22] 在馆    
2 0078212   001448598   第三借阅区/ [索取号:O3-44/22] 在馆    
3 0078213   001448623   第三借阅区/ [索取号:O3-44/22] 在馆    
4 0078214   202449421   第二样本阅览室/ [索取号:O3-44/22] 在馆    
5 0422278   204222787   密集书库/ [索取号:O3-44/22] 在馆    
唐山师范学院图书馆 欢迎您!
大连网信软件有限公司© 版权所有